00769nas a2200229Ia 4500001001600000003001000016008004100026040002500067041001300092100001700105210004500122222004500167245004900212250001100261260000900272501012300281300001400404362003200418500005300450650002500503700001100528A09/R121-47069 IT-MiCISF161014c99999999xx |||||||||||| ||und|| aIT-MiCISFcIT-MiCISF aITALIANO aCambi Franco aRivista italiana di educazione familiare aRivista italiana di educazione familiare 0aLa famiglia che forma: un modello possibile? a1a ed. c2006 bCISF - Centro Internazionale Studi Famiglia - Via Giotto, 36 20145 MILANO (non commercial uses only)cCopyright 2016 app. 23-29 an. 1, gennaio-giugno [2006] a Tema: educazione-familiare, educazione-genitori aEDUCAZIONEvarticolo aAA.VV.